National Anthem of Every Country - Statistics

General Stats
  • This quiz has been taken 48 times
    26 since last reset
  • The average score is 99 of 201
Answer Stats
Romanized / English Title Native Title Country % Correct
Aegukka / Patriotic Song / National Anthem of the _____ / Chosŏn minjujuŭi inmin konghwaguk kukka 애국가 / 조선민주주의인민공화국 / 朝鮮民主主義人民共和國 國歌 North Korea
100%
Aegukga / The Patriotic Song 애국가 / 愛國歌 South Korea
100%
Amar Sonar ______ / My Golden ______ আমার সোনার বাংলা Bangladesh
87%
Advance _________ Fair Australia
80%
March of the Volunteers 义勇军进行曲 China
80%
Kimigayo / His Imperial Majesty's Reign 君が代 Japan
80%
National Anthem of the Republic of _______ Bundeshymne der Republik Österreich Austria
73%
Allah Peliharakan Sultan / God Bless the Sultan الله ڤليهاراكن سلطان‎ Brunei
73%
God, the Giver of blessings to the Swati people Nkulunkulu Mnikati wetibusiso temaSwati Eswatini
73%
Jana Gana Mana / Ruler of the minds of the people জন গণ মন / जन गण मन India
73%
God Defend ___ _______ Aotearoa New Zealand
73%
Chosen Land Lupang Hinirang Philippines
73%
Dąbrowski's Mazurka Mazurek Dąbrowskiego Poland
73%
Awaken Thee, _______n! Deșteaptă-te, române! Romania
73%
God Save the King/Queen United Kingdom
73%
A________ National Anthem Himno Nacional A________ Argentina
67%
Druk Tsenden / The Thunder Dragon Kingdom འབྲུག་ཙན་དན Bhutan
67%
Nokor Reach / Majestic Kingdom នគររាជ Cambodia
67%
Hymn to Liberty Ὕμνος εἰς τὴν Ἐλευθερίαν Cyprus / Greece
67%
Hymn Lofsöngur Iceland
67%
Hatīkvāh / The Hope הַתִּקְוָה Israel
67%
As-Salām al-Malakī l-ʾUrdunī / Royal Anthem of ______ السلام الملكي الأردني Jordan
67%
My __________ Menıñ Qazaqstanym / Менің Қазақстаным / ءمەنىڭ قازاقستانىم Kazakhstan
67%
Pheng Xat ___ / Song of the ___ People ເພງຊາດລາວ Laos
67%
Gaumee Salaam / National Salute ޤައުމީ ސަލާމް Maldives
67%
Kaba Ma Kyei / 'Till the End of the World / Nuingngamtausihkyang / National Anthem ကမ္ဘာမကျေ / နိုင်ငံတော်သီချင်း Myanmar
67%
an-Našid as-Salâm as-Solṭâni / Salute to The Sultan السلام السلطاني Oman
67%
O God of Justice Bože pravde / Боже правде Serbia
67%
Onward _________ Majulah _________ / 前进吧,新加坡 / முன்னேறட்டும் சிங்கப்பூர் Singapore
67%
A Toast Zdravljica Slovenia
67%
Every nation has its own flag Qolobaa Calankeed / 𐒎𐒙𐒐𐒙𐒁𐒛 𐒋𐒖𐒐𐒖𐒒𐒏𐒜𐒆𐒚 / قلبا علنكئد Somalia
67%
Lord Bless Africa / The Call of _____ _____ Nkosi Sikelel' iAfrika / Die Stem van ____-______ South Africa
67%
National Anthem of Independent, Neutral ____________ Garaşsyz, Bitarap ____________yň Döwlet Gimni / Гарашсыз, Битарап Түркменистаның Дөвлет Гимни / قاراشسؽز، بيتاراپ تۆرکمنيستانؽنگ دولت گيمنى Turkmenistan
67%
The Star-Spangled Banner United States
67%
al-Jumhūriyah al-Muttaḥidah / United Republic الجمهورية المتحدة Yemen
67%
Aiaaira / Victory Аиааира Abkhazia
60%
Hymn to the Flag Himni i Flamurit Albania
60%
Mer Hayreniḱ / Our Fatherland Մեր Հայրենիք Armenia
60%
Dear Motherland Мила Родино Bulgaria
60%
O ______ / Ô ______ Canada
60%
The Marseillaise La Marseillaise France
60%
Tavisupleba / Freedom თავისუფლება Georgia
60%
The Song of the ______s Das Lied der Deutschen Germany
60%
Anthem of the Republic of K_____ Himni i Republikës së K______ Kosovo
60%
an-Nashīd al-Waṭani / National Anthem النشيد الوطني الكويتي Kuwait
60%
National Anthem of the ______ Republic / ______ Respublikasynyn Mamlekettik gimni Кыргыз Республикасынын Мамлекеттик гимни Kyrgyzstan
60%
Monégasque Anthem Hymne monégasque / Inu Munegascu Monaco
60%
William of Nassau Wilhelmus van Nassouwe Netherlands
60%
Denes nad _________ / Today over _________ Денес над Македонија North Macedonia
60%
Yes, we love this country & King's Song Ja, vi elsker dette landet & Kongesangen Norway
60%
Fidāʾī / Fedayeen warrior فدائي Palestine
60%
Isthmian Hymn Himno Istmeño Panama
60%
as-Salām al-ʾAmīrī / Peace to the Amir السلام الأميري Qatar
60%
Gosudarstvennyy Gimn ______skoy Federatsii / State Anthem of the _______ Federation Госуда́рственный гимн Росси́йской Федера́ции Russia
60%
Live in Eternal Peace / Hayaat Tawilat Mae al-Salam Samo ku waar / حياة طويلة مع السلام / 𐒈𐒖𐒑𐒙 𐒏𐒚 𐒓𐒛𐒇 Somaliland
60%
Royal March Marcha Real Spain
60%
_____ Psalm / You come along in the dawn Schweizerpsalm / Trittst im Morgenrot daher... / Cantique suisse / Salmo svizzero / Psalm svizzer Switzerland
60%
Three Principles of the People 三民主義 Taiwan
60%
Phleng Chat ____ / ____ National Anthem & Sansoen Phra Barami / Glorify His Prestige เพลงชาติไทย / สรรเสริญพระบารมี Thailand
60%
Song of the King of the ______ Islands Ko e fasi ʻo e tuʻi ʻo e ʻOtu _____ Tonga
60%
Independence March İstiklal Marşı Turkey
60%
Shche ne vmerla _______ і slava, і volia / _______'s Glory and Will Have Not Yet Perished Ще не вмерла України і слава, і воля Ukraine
60%
March of __________ __________ marşı Azerbaijan
53%
Baḥraynunā / Our _______ بحريننا Bahrain
53%
The Brabantian La Brabançonne / De Brabançonne / Das Lied von Brabant Belgium
53%
Intermezzo / National anthem of ______ ___ ___________ Intermeco / Državna himna _____ _ ___________ Bosnia and Herzegovina
53%
How pure, _____, is your blue sky / National Song Puro, _____, es tu cielo azulado / Canción Nacional Chile
53%
National Anthem of the Republic of C_______ Himno Nacional de la República de C_______ Colombia
53%
Song of Abidjan L'Abidjanaise Côte d’Ivoire
53%
There is a lovely land & King Christian stood by the lofty mast Der er et yndigt land & Kong Christian stod ved højen mast Denmark
53%
March Forward, Dear Mother ________ ወደፊት ገስግሺ ውድ እናት ኢትዮጵያ Ethiopia
53%
God Bless ____ Meda Dau Doka / भगवान फिजी को आशीर्वाद दें Fiji
53%
Our Land Maamme / Vårt land Finland
53%
National anthem of G________ Himno Nacional de G________ Guatemala
53%
Hymn Himnusz Hungary
53%
The Soldier's Song Amhrán na bhFiann Ireland
53%
The Song of the _______s Il Canto degli _______i Italy
53%
O God of all Creation Ee Mungu Nguvu Yetu Kenya
53%
All Hail, _______, Hail! Liberia
53%
High on the young Rhine Oben am jungen Rhein Liechtenstein
53%
National Hymn Tautiška giesmė Lithuania
53%
Bilāda l-ʾubāti l-hudāti l-kirām / Land of the Proud, Guided by Noblemen بِلَادَ الْأُبَاةِ الْهُدَاةِ الْكِرَامْ / Pays des fiers, nobles guides Mauritania
53%
an-našīd aš-šarīf / Cherifian Anthem النشيد الشريف Morocco
53%
Sayaun Thunga Phulka / Made of Hundreds of Flowers सयौँ थुँगा फूलका Nepal
53%
________an National Anthem Himno Nacional P________ / Tetã P_______ Momorãhéi Paraguay
53%
The Banner of Freedom O Le Fuʻa o Le Saʻolotoga Samoa
53%
an-Našīd al-Waṭanī as-Suʿūdī / Chant of the _____ Nation ٱلنَّشِيْد ٱلْوَطَنِي ٱلسُّعُوْدِي Saudi Arabia
53%
Lightning over the Tatras Nad Tatrou sa blýska Slovakia
53%
Beloved _______ Уарзон Ирыстон South Ossetia
53%
___ _____ Mātā / Mother ___ _____ / ___ _____ Tāyē ශ්‍රී ලංකා මාතා / ஸ்ரீ லங்கா தாயே Sri Lanka
53%
Thou old, Thou free & Kungssången Du gamla, du fria & The King's Song Sweden
53%
Surudi Milli / National Anthem Суруди Миллӣ Tajikistan
53%
God Bless Africa Mungu ibariki Afrika Tanzania
53%
Easterners, the Country or the Tomb Orientales, la Patria o la Tumba Uruguay
53%
Pontifical Anthem and March Inno e Marcia Pontificale / Hymnus et modus militaris Pontificalis Vatican City
53%
The Song of the Marching Troops Tiến Quân Ca Vietnam
53%
Yā Banī al-Ṣaḥrāʼ / O Sons of the Sahara يا بني الصحراء Western Sahara
53%
We __________s Мы, беларусы Belarus
47%
Union of the Great Islands Udzima wa ya Masiwa Comoros
47%
Noble fatherland, your beautiful flag Noble patria, tu hermosa bandera Costa Rica
47%
Arise _____lese Debout _____lais Democratic Republic of the Congo
47%
Isle of Beauty, Isle of Splendour Dominica
47%
Bilâdy, Laki ḥobbi wa fuâdy / My homeland, you have my love and my heart بلادي لك حبي وفؤادي Egypt
47%
Let us salute the fatherland, proud Saludemos la patria orgullosos El Salvador
47%
Let Us Walk Treading the Paths of Our Immense Happiness Caminemos pisando las sendas de nuestra inmensa felicidad Equatorial Guinea
47%
_______, _______, _______ ኤርትራ ኤርትራ ኤርትራ Eritrea
47%
My Fatherland, My Happiness and Joy Mu isamaa, mu õnn ja rõõm Estonia
47%
Sorude Melliye Jomhuriye Eslāmiye ____ / National Anthem of the Islamic Republic of ____ سرود ملی جمهوری اسلامی ایران Iran
47%
God Bless ______! Dievs, svētī _______! Latvia
47%
Kullunā li-l-waṭan / All of us, for our country! كلّنا للوطن‎ Lebanon
47%
My Country Negaraku / نݢاراکو‎ Malaysia
47%
Forever ________ _______ Indeeo Ṃajeḷ Marshall Islands
47%
_______s, at the cry of war _______os, al grito de guerra / Ihcuca yaotl tenochnotzas _______ Mexico
47%
______ Ulsiin töriin duulal / National anthem of ________ Монгол Улсын төрийн дуулал / ᠮᠣᠩᠭᠣᠯ ᠤᠯᠤᠰ ᠤᠨ ᠳᠡᠯᠡᠬᠡᠢ ᠶᠢᠨ ᠲ᠋‍ᠠ‍ᡍᠣ᠊᠊ᠯ‍ᠠ‍ᠯ Mongolia
47%
Join together all ________ois Koste Seselwa Seychelles
47%
High We Exalt Thee, Realm of the Free Wi de es yu ɔp, wi de rul di wan dɛn we fri Sierra Leone
47%
God Save Our _______ _______ Solomon Islands
47%
Fatherland Pátria Timor-Leste
47%
State Anthem of the Republic of __________ _ʻ_________ Respublikasining Davlat Madhiyasi / Ўзбекистон Республикасининг Давлат Мадҳияси / Uzbekistan
47%
We, We, We Yumi, Yumi, Yumi Vanuatu
47%
Glory to the Brave People Gloria al Bravo Pueblo Venezuela
47%
The Great Charlemagne El gran Carlemany Andorra
40%
In Plenty and In Time of Need Barbados
40%
________s, a Propitious Fate _________s, el Hado Propicio / ________ jaqinakatakixa Bolivia
40%
Blessed Be This Noble Land Fatshe leno la rona Botswana
40%
______ian National Anthem Hino Nacional ______eiro Brazil
40%
Chant of Liberty Cântico da Liberdade Cabo Verde
40%
Song of the ____ian La _____ienne / نشيد تشاد الوطني Chad
40%
Our Beautiful Homeland Lijepa naša domovino Croatia
40%
The Bayamo Anthem El Himno de Bayamo Cuba
40%
Where My Home Is Kde domov můj Czech Republic
40%
Hail, Oh Fatherland! ¡Salve, Oh Patria! Ecuador
40%
Hail _______ Hélé la Gwinad Grenada
40%
Dear Land of ______, of Rivers and Plains Guyana
40%
The Dessalines Song La Dessalinienne / Desalinyèn Haiti
40%
_________ the Great _________ Raya Indonesia
40%
Our Homeland Ons Heemecht Luxembourg
40%
Oh, beloved land of our ancestors! Ry Tanindrazanay malala ô / Ô Terre de nos ancêtres bien-aimés! Madagascar
40%
The Hymn of _____ L-Innu ____i Malta
40%
Our Language Limba noastră Moldova
40%
Oh, Bright Dawn of May Oj, svijetla majska zoro / Ој, свијетла мајска зоро Montenegro
40%
Hail to thee, _________ Salve a ti, _________ Nicaragua
40%
Pāk Sarzamīn / The Sacred Land پاک سرزمین Pakistan
40%
We are free! ¡Somos libres! Peru
40%
The P______ese A P_____uesa Portugal
40%
Sons and Daughters of _____ _____ Fi èk fis, manmay Sent Lisi Saint Lucia
40%
National Anthem of the Republic Inno Nazionale della Repubblica San Marino
40%
The Red Lion Le Lion rouge Senegal
40%
Nahnu Jund Allah Jund Al-watan / We are Soldiers of God, Soldiers of the Homeland نحن جند الله جند الوطن Sudan
40%
God be with our ________ / Rise, countrymen God zij met ons ________ / Opo, kondreman Suriname
40%
Land of our forefathers Terre de nos aïeux / wò tɔ gbui wo nyigbã / dɛ tsɔzɔna tētu Togo
40%
We Sing the Praises of ____________ Мы славим тебя, Приднестровье Transnistria
40%
Ḥumāt al-Ḥimá / Defenders of the Homeland حماة الحمى Tunisia
40%
Stand and Sing of ______, Proud and Free Lumbanyeni ______, no kwanga / Imani timtamande ______ / Atumutembaule ______ / Twimbenu nakwalisa ______ Zambia
40%
Blessed be the land of ________ Ngaikomborerwe Nyika ye________ Zimbabwe
40%
This Is the Home of the Brave دا د باتورانو کور Afghanistan
33%
Qassaman / We Pledge قَسَمًا Algeria
33%
Onwards ______! ______ Avante! Angola
33%
Land of the Free Belize
33%
The Dawn of a New Day L'Aube nouvelle Benin
33%
Anthem of Victory / One Single Night Le Ditanyè / Une Seule Nuit Burkina Faso
33%
O ________, Cradle of our Forefathers Ô ________ berceau de nos ancêtres Cameroon
33%
Valiant Quisqueyans Quisqueyanos valientes Dominican Republic
33%
For The ______ Our Homeland ______ mede sunyu rewe Gambia
33%
God Bless Our Homeland _____ Nyame nhyira yɛn kurom _____ / Mawu nayra mía denyigba _____ Ghana
33%
Freedom Liberté / 𞤐𞤁𞤋𞤃𞤓 Guinea
33%
This Is Our Well Beloved Motherland Esta É a Nossa Pátria Bem Amada Guinea-Bissau
33%
Your flag is a splendour of sky Tu bandera es un lampo de cielo Honduras
33%
Mawṭinī / My Homeland موطني Iraq
33%
_____, _____, _____ ليبيا ليبيا ليبيا Libya
33%
O God bless our land of ______ Mlungu dalitsani ______ Malawi
33%
For Africa and for you, ____ Pour l'Afrique et pour toi, ____ Mali
33%
Beloved Homeland Pátria Amada Mozambique
33%
_______, Land of the Brave _______, Land der Tapferen / _______, Land van die Dapperes Namibia
33%
_____, Our Homeland _____ Bwiema Nauru
33%
O Arise, All You Sons Papua New Guinea
33%
The _____lese La _____laise / Besi _____ Republic of the Congo
33%
Total independence Independência total São Tomé and Príncipe
33%
_____ _____ Oyee! South Sudan
33%
Fī Sabīli al-Majd / In Pursuit of Glory في سبيل المجد Syria
33%
______ for the Almighty ______ mo te Atua Tuvalu
33%
Oh ______, Land of Beauty Oluyimba olwe gwanga Y______ Uganda
33%
Fair _______, We Salute Thee Antigua and Barbuda
27%
March On, ______land Bahamas
27%
The Renaissance E Zingo / La Renaissance Central African Republic
27%
We arise with strength! for we have raised our flag Lève-toi avec force ! Parce que nous avons hissé notre drapeau / انهضوا بقوة إلى حيث رفعنا رايتنا Djibouti
27%
The Concorde La Concorde Gabon
27%
_______, Land We Love Jamaica
27%
_______, Land of Our Fathers _______ Fatše La Bo-Ntat'a Rōna Lesotho
27%
Motherland Mauritius
27%
Patriots of __________ Micronesia
27%
The Honor of the Fatherland L'Honneur de la Patrie / Don darajar Uban Niger
27%
Our _____ Belau rekid Palau
27%
Beautiful ______ ______ Nziza Rwanda
27%
O Land of Beauty! St. Kitts and Nevis
27%
_____ _______, Land so Beautiful St. Vincent and the Grenadines
27%
Forged from the Love of Liberty Trinidad and Tobago
27%
ʿĪshī Bilādī / Long Live my Nation النشيد الوطني الإماراتي United Arab Emirates
27%
Our _______ _______ Bwacu Burundi
20%
Song of ________ Kunan ________ Kiribati
20%
_______, We Hail Thee Nigeria
20%
No matching quizzes found
Score Distribution
Percent of People with Each Score
Percentile by Number Answered
Your Score History
You have not taken this quiz since the last reset